000 00732nam a22002057a 4500
003 BUBTL
008 230430b ||||| |||| 00| 0 eng d
020 _a98484660133
082 _a341/ Al117i/ 2008
100 _aআলম, ড. এম. শাহ
_95300
245 _aসমকালীন আন্তর্জাতিক আইন :
_bড. এম. শাহ আলম
250 _a২য় সং
260 _aঢাকা
_bনিউ ওয়ার্সী বুক কর্পোরেশন
_cc2008
300 _a[26],438p. :
_b23 cm.
650 0 _aLaw
700 _aআলম, ড. এম. শাহ
_95300
856 _k0
_l0
_yDownload
942 _2ddc
_cBK
999 _c7028
_d7028